<The> Language of Culture and the Culture of Language

Článok sa zaoberá blízkou súvislosťou medzi kultúrou, jazykom a procesom konceptualizácie. Kultúrna gramotnosť vedie k lepšiemu pochopeniu reality kultúrneho spoločenstva a jazyka, ktorý prenáša kultúrne informácie vo forme kultúrnych konceptualizácií. Ich prejav je demonštrovaný na príkladoch kultú...

ver descrição completa

Na minha lista:
Detalhes bibliográficos
Autor principal: Hrivíková, Tatiana, 1959-
Formato: Capítulo de Livro
Idioma:inglês
Assuntos:
Tags: Adicionar Tag
Sem tags, seja o primeiro a adicionar uma tag!

MARC

LEADER 00000naa$a2200000$$$4500
001 0270102
005 20240502083809.8
041 0 |a eng 
044 |a HU 
245 1 0 |a <The> Language of Culture and the Culture of Language  |c Tatiana Hrivíková 
520 |a Článok sa zaoberá blízkou súvislosťou medzi kultúrou, jazykom a procesom konceptualizácie. Kultúrna gramotnosť vedie k lepšiemu pochopeniu reality kultúrneho spoločenstva a jazyka, ktorý prenáša kultúrne informácie vo forme kultúrnych konceptualizácií. Ich prejav je demonštrovaný na príkladoch kultúrnych schém, kategórií, metafor a precedenčných javov. 
610 2 0 |a kultúra 
610 2 0 |a jazyk štátny 
610 2 0 |a spoločnosť 
610 2 0 |a jazykoveda 
610 2 0 |a jazyky cudzie 
100 1 |a Hrivíková, Tatiana, 1959-